000 01274nad a22002295a 4500
008 250529s2025 xxk fo 000 0 eng d
041 0 _aeng
110 2 _aRoyal Institution of Chartered Surveyors
_94900
245 0 0 _aAnnual Review 2024
_bYear ended 31 December 2024
246 _aAnnual Report 2024
260 _aLondon
_bRICS
_c2025
300 _a77p.
490 0 _aRICS Annual Report
520 _aThe Annual review covers the 12-month period from 1 January to 31 December 2024. A year of transformation for RICS. Information on how the RICS are shaping an experience-led, member-centric organisation, driving positive change that impacts our profession, our industry, and the wider public.
650 2 4 _aRICS ANNUAL REVIEW AND FINANCIAL STATEMENTS
651 4 _aInternational
690 _aBusiness and management
856 _uhttps://www.rics.org/content/dam/ricsglobal/documents/about-rics/annual-review/Annual-review-2024.pdf
_zAnnual review 2024
856 _uhttps://www.rics.org/content/dam/ricsglobal/documents/about-rics/annual-review/SRB-annual-report-2024.pdf
_zSRB Annual report 2024
856 _uhttps://www.rics.org/content/dam/ricsglobal/documents/about-rics/annual-review/Remuneration-report-2024.pdf
_zRemuneration report
942 _n0
_2ddc
999 _c122167
_d122167